Rozbor organizácie hospodárskych stredísk vo vnútropodnikovom riadení záverečná práca postgraduálneho štúdia

Saved in:
Bibliographic Details
Main Author: Matej, Pavol
Corporate Author: Vysoká škola ekonomická v Bratislave
Other Authors: Satková, Blanka
Format: Book
Language:Slovak
Published: Bratislava 1988
Tags: Add Tag
No Tags, Be the first to tag this record!

MARC

LEADER 00000nam a2200000 4500
001 c035391
005 20260108081716.4
041 0 |a slo 
044 |a SK 
245 1 0 |a Rozbor organizácie hospodárskych stredísk vo vnútropodnikovom riadení  |b záverečná práca postgraduálneho štúdia  |c Pavol Matej ; ved. práce Blanka Satková 
264 1 |a Bratislava  |c 1988 
300 |a 65 s. 
100 1 |a Matej, Pavol 
700 1 |a Satková, Blanka 
710 2 |a Vysoká škola ekonomická v Bratislave